000 00311nam a2200133Ia 4500
008 240624s9999 xx 000 0 und d
041 _aeng
082 _a920 ROB
100 _aROBERTS GREGORY DAVID
245 _aSHANTARAM
260 _c2007
_aLondon
_bAbacus
300 _a936 : p. : cm. ; 19
365 _cBPS
_b20
999 _c7297
_d7297